[Event "SVK-chT2D 1819"]
[Site "Slovakia"]
[Date "2018.11.17"]
[Round "3.8"]
[White "Juranko, Jan"]
[Black "Krajnik, Richard"]
[Result "1-0"]
[WhiteElo "1874"]
[BlackElo "1679"]
[PlyCount "142"]
[EventDate "2018.10.13"]
[EventType "team-tourn"]
[EventRounds "11"]
[EventCountry "SVK"]
[SourceTitle "CBM 187 Extra"]
[Source "ChessBase"]
[SourceDate "2018.11.04"]
[SourceVersion "1"]
[SourceVersionDate "2018.11.04"]
[SourceQuality "1"]
[WhiteTeam "Humenne Reinter"]
[BlackTeam "Kosice Slavia UPJS III"]
[WhiteTeamCountry "SVK"]
[BlackTeamCountry "SVK"]

1. c4 c5 2. Nc3 e6 3. e4 a6 4. g3 Qc7 5. Bg2 Nc6 6. Nge2 g6 7. d4 cxd4 8. Nxd4 Bg7 9. Nxc6 Qxc6 10. Qd3 Ne7 11. 0-0 0-0 12. Be3 b5 13. cxb5 axb5 14. Rac1 Bxc3 15. Rxc3 Qb7 16. Bc5 d5 17. Rfc1 Rd8 18. Qc2 b4 19. Rb3 Nc6 20. a3 Bd7 21. exd5 exd5 22. Bxd5 Bf5 23. Be4 Be6 24. Rd3 bxa3 25. Bxa3 Rxd3 26. Qxd3 Bd7 27. Qf3 Rc8 28. b4 Qa6 29. Bb2 Ne7 30. Rxc8+ Bxc8 31. Qc3 f6 32. Qxf6 Qxf6 33. Bxf6 Nf5 34. Bd5+ Kf8 35. h4 Nd6 36. Bd4 Ke8 37. Kg2 h5 38. f3 Bd7 39. Bc5 Nb5 40. Be4 Kf7 41. Kf2 Kf6 42. Ke3 Nc7 43. Bd4+ Kf7 44. Kd3 Bb5+ 45. Kc3 Be2 46. Bc5 Kf6 47. Bc6 Kf7 48. Kd4 Kf6 49. Ke3 Bc4 50. g4 hxg4 51. fxg4 Ke5 52. Bd4+ Kd6 53. Be4 Bf7 54. Ke2 Be8 55. Kf3 Bf7 56. Kg3 Be8 57. Bf3 Ne6 58. Bc5+ Ke5 59. Be3 Bb5 60. h5 g5 61. Kf2 Kf6 62. Be2 Bc6 63. b5 Bb7 64. Bd3 Nc7 65. Bd4+ Kf7 66. Bg6+ Kg8 67. h6 Nxb5 68. h7+ Kf8 69. h8Q+ Ke7 70. Qe8+ Kd6 71. Qxb5 Bd5 1-0

[Event "SVK-chT2D 1718"]
[Site "Slovakia"]
[Date "2018.03.18"]
[Round "11.6"]
[White "Panko, Eduard1111"]
[Black "Juranko, Jan"]
[Result "1-0"]
[WhiteElo "1949"]
[BlackElo "1868"]
[PlyCount "61"]
[EventDate "2017.10.28"]
[EventType "team-tourn"]
[EventRounds "11"]
[EventCountry "SVK"]
[SourceTitle "EXT 2020"]
[Source "ChessBase"]
[SourceDate "2019.10.17"]
[SourceVersion "1"]
[SourceVersionDate "2019.10.17"]
[SourceQuality "1"]
[WhiteTeam "Bardejov II"]
[BlackTeam "Humenne Reinter"]
[WhiteTeamCountry "SVK"]
[BlackTeamCountry "SVK"]

1. e4 c5 2. a3 g6 3. Nc3 Bg7 4. Bc4 Nc6 5. d3 a6 6. f4 e6 7. Qf3 Nge7 8. Nge2 b5 9. Ba2 b4 10. axb4 Nxb4 11. Bb3 Bb7 12. Be3 Rc8 13. Qf2 d6 14. 0-0 0-0 15. g4 Qc7 16. f5 exf5 17. gxf5 Nec6 18. fxg6 hxg6 19. Qh4 Ne5 20. Rf2 c4 21. dxc4 Nxc4 22. Bh6 Qd8 23. Bg5 f6 24. Bh6 Qb6 25. Rd1 Rc5 26. Be3 Rg5+ 27. Qxg5 fxg5 28. Bxc4+ d5 29. Rxf8+ Kxf8 30. Bxb6 dxc4 31. Rd7 1-0

[Event "SVK-chT2D 1718"]
[Site "Slovakia"]
[Date "2018.01.13"]
[Round "5.6"]
[White "Butala, Stefan"]
[Black "Juranko, Jan"]
[Result "0-1"]
[WhiteElo "1890"]
[BlackElo "1874"]
[PlyCount "70"]
[EventDate "2017.10.28"]
[EventType "team-tourn"]
[EventRounds "11"]
[EventCountry "SVK"]
[SourceTitle "EXT 2019"]
[Source "ChessBase"]
[SourceDate "2018.10.10"]
[SourceVersion "1"]
[SourceVersionDate "2018.10.10"]
[SourceQuality "1"]
[WhiteTeam "Velke Kapusany"]
[BlackTeam "Humenne Reinter"]
[WhiteTeamCountry "SVK"]
[BlackTeamCountry "SVK"]

1. d4 d5 2. c4 e6 3. Nc3 f5 4. Nf3 c6 5. a4 a5 6. Qb3 Nf6 7. Bg5 Be7 8. e3 0-0 9. Be2 Nbd7 10. 0-0 h6 11. Bh4 Kh7 12. Bg3 Ne4 13. cxd5 Nxg3 14. hxg3 exd5 15. Bd3 Nf6 16. Qc2 Ne4 17. Ne2 Bf6 18. Rfb1 Qe7 19. Nd2 Bd7 20. Bxe4 fxe4 21. Nb3 Kh8 22. Nc5 Bg4 23. Nf4 Qf7 24. Rf1 Rae8 25. Nb3 g5 26. Ne2 Bd8 27. Rae1 Qh5 28. Nec1 Re7 29. Qd2 b6 30. Qc2 Re6 31. Na2 Ref6 32. Nbc1 Bc7 33. Ne2 Qf7 34. Nf4 gxf4 35. gxf4 Rg8 0-1

[Event "SVK-chT2D 1617"]
[Site "Slovakia"]
[Date "2016.11.06"]
[Round "4.3"]
[White "Juranko, Jan"]
[Black "Heinrich, Tomas"]
[Result "0-1"]
[WhiteElo "1917"]
[BlackElo "1969"]
[PlyCount "64"]
[EventDate "2016.10.08"]
[EventType "team-tourn"]
[EventRounds "11"]
[EventCountry "SVK"]
[SourceTitle "EXT 2018"]
[Source "ChessBase"]
[SourceDate "2017.10.13"]
[SourceVersion "1"]
[SourceVersionDate "2017.10.13"]
[SourceQuality "1"]
[WhiteTeam "Humenne Reinter II"]
[BlackTeam "Kosice Dynamo"]
[WhiteTeamCountry "SVK"]
[BlackTeamCountry "SVK"]

1. c4 e5 2. Nc3 Nc6 3. g3 Nf6 4. Bg2 Bc5 5. e3 0-0 6. Nge2 d6 7. 0-0 a6 8. a3 Ba7 9. b4 Ne7 10. d4 c6 11. dxe5 dxe5 12. Qc2 Be6 13. Rd1 Qc7 14. c5 Rad8 15. Bb2 h5 16. Ne4 Nxe4 17. Qxe4 Bb8 18. f4 Qc8 19. Qf3 Bg4 20. Qf2 Ng6 21. Bf3 h4 22. e4 hxg3 23. hxg3 exf4 24. Rxd8 Rxd8 25. gxf4 Rd2 26. Bc1 Nxf4 27. Bxd2 Nh3+ 28. Kg2 Nxf2 29. Kxf2 Bxf3 30. Kxf3 Qh3+ 31. Kf2 Be5 32. Rg1 Qd3 0-1

[Event "SVK-chT1E 1314"]
[Site "Slovakia"]
[Date "2014.02.02"]
[Round "7.5"]
[White "Juranko, Jan"]
[Black "Veselovsky, Jan"]
[Result "0-1"]
[WhiteElo "1929"]
[BlackElo "2019"]
[PlyCount "84"]
[EventDate "2013.10.12"]
[EventType "team-tourn"]
[EventRounds "11"]
[EventCountry "SVK"]
[SourceTitle "EXT 2015"]
[Source "ChessBase"]
[SourceDate "2014.11.20"]
[SourceVersion "1"]
[SourceVersionDate "2014.11.20"]
[SourceQuality "1"]
[WhiteTeam "Humenne"]
[BlackTeam "Bardejov"]
[WhiteTeamCountry "SVK"]
[BlackTeamCountry "SVK"]

1. d4 d5 2. Nf3 Nf6 3. e3 Bf5 4. c4 c6 5. Nc3 e6 6. Be2 Bd6 7. 0-0 Nbd7 8. b3 Ne4 9. Bb2 0-0 10. Ne1 Ndf6 11. f4 Nxc3 12. Bxc3 Ne4 13. Bd2 Rc8 14. c5 Bb8 15. Nf3 Qe7 16. b4 h6 17. a4 g5 18. Ra3 f6 19. Bc1 Qg7 20. Ne1 Kh8 21. b5 Rg8 22. Bf3 gxf4 23. exf4 b6 24. cxb6 axb6 25. bxc6 Rxc6 26. Bxe4 Bxe4 27. Rg3 Qf8 28. Rxg8+ Qxg8 29. Be3 Qg6 30. Rf2 Bd6 31. Rb2 f5 32. g3 Qg4 33. Qd2 Ba3 34. Rb3 Bc1 35. Qf2 Qd1 36. Bxc1 Qxb3 37. Bd2 Qxa4 38. g4 Qd1 39. h3 fxg4 40. Qh4 Qxd2 41. Qxh6+ Kg8 42. Qh4 Qe3+ 0-1

[Event "SVK-chT2D 1314"]
[Site "Slovakia"]
[Date "2013.10.19"]
[Round "1.3"]
[White "Juranko, Jan"]
[Black "Pejko, Otomar"]
[Result "1/2-1/2"]
[WhiteElo "1929"]
[BlackElo "2093"]
[PlyCount "36"]
[EventDate "2013.10.19"]
[EventType "team-tourn"]
[EventRounds "11"]
[EventCountry "SVK"]
[SourceTitle "EXT 2015"]
[Source "ChessBase"]
[SourceDate "2014.11.20"]
[SourceVersion "1"]
[SourceVersionDate "2014.11.20"]
[SourceQuality "1"]
[WhiteTeam "Humenne II"]
[BlackTeam "Spisska Nova Ves"]
[WhiteTeamCountry "SVK"]
[BlackTeamCountry "SVK"]

1. d4 Nf6 2. Nf3 c5 3. c3 Qc7 4. g3 b6 5. Bg2 Bb7 6. 0-0 g6 7. Nbd2 Bg7 8. Re1 cxd4 9. cxd4 Ne4 10. Nxe4 Bxe4 11. Bf4 Qb7 12. Nh4 Bxg2 13. Nxg2 Qd5 14. Bxb8 Rxb8 15. e3 0-0 16. Qa4 Qb7 17. Rac1 Rfc8 18. b3 e6 1/2-1/2

[Event "SVK-chT1E 1314"]
[Site "Slovakia"]
[Date "2013.10.12"]
[Round "1.6"]
[White "Hros, Roman"]
[Black "Juranko, Jan"]
[Result "0-1"]
[WhiteElo "1994"]
[BlackElo "1929"]
[PlyCount "72"]
[EventDate "2013.10.12"]
[EventType "team-tourn"]
[EventRounds "11"]
[EventCountry "SVK"]
[SourceTitle "EXT 2015"]
[Source "ChessBase"]
[SourceDate "2014.11.20"]
[SourceVersion "1"]
[SourceVersionDate "2014.11.20"]
[SourceQuality "1"]
[WhiteTeam "Liptov Chess School"]
[BlackTeam "Humenne"]
[WhiteTeamCountry "SVK"]
[BlackTeamCountry "SVK"]

1. Nf3 Nf6 2. b3 e6 3. Bb2 Be7 4. g3 c5 5. Bg2 Nc6 6. 0-0 d5 7. c4 d4 8. e3 0-0 9. exd4 cxd4 10. Re1 Re8 11. a3 a5 12. Ne5 Nxe5 13. Rxe5 Nd7 14. Re1 Nc5 15. d3 Bf8 16. f4 g6 17. Qc2 Bg7 18. Nd2 Qb6 19. Kh1 Bd7 20. Rab1 Bc6 21. Bc1 Bxg2+ 22. Kxg2 Qc6+ 23. Nf3 a4 24. b4 Nb3 25. Kf2 f6 26. Re4 Rad8 27. Bb2 e5 28. fxe5 fxe5 29. Nd2 Rf8+ 30. Kg2 Rf5 31. Nxb3 axb3 32. Qxb3 Rdf8 33. c5+ Kh8 34. Rbe1 Rf2+ 35. Kg1 Qf6 36. Bc1 Qf3 0-1

[Event "SVK-chT2D 1213"]
[Site "Slovakia"]
[Date "2012.10.14"]
[Round "2.8"]
[White "Nemergut, Patrik"]
[Black "Juranko, Jan"]
[Result "0-1"]
[WhiteElo "1963"]
[BlackElo "1988"]
[PlyCount "52"]
[EventDate "2012.10.13"]
[EventType "team-tourn"]
[EventRounds "11"]
[EventCountry "SVK"]
[SourceTitle "EXT 2015"]
[Source "ChessBase"]
[SourceDate "2014.11.20"]
[SourceVersion "1"]
[SourceVersionDate "2014.11.20"]
[SourceQuality "1"]
[WhiteTeam "Kezmarok II"]
[BlackTeam "Humenne"]
[WhiteTeamCountry "SVK"]
[BlackTeamCountry "SVK"]

1. e4 c5 2. d4 cxd4 3. c3 d6 4. Nf3 Nf6 5. Bd3 g6 6. cxd4 Bg7 7. 0-0 0-0 8. Nc3 Nc6 9. h3 a6 10. Be3 Bd7 11. Qe2 Rc8 12. Rfd1 Qa5 13. Bc4 Qh5 14. e5 dxe5 15. d5 e4 16. Ng5 Ne5 17. Qxh5 Nxh5 18. Be2 f5 19. g4 fxg4 20. Ncxe4 Nf4 21. Rd2 gxh3 22. Bd1 h6 23. Ne6 Nxe6 24. dxe6 Bc6 25. Nc3 Nc4 26. Rc2 Be5 0-1

[Event "SVK-chT2D 0910"]
[Site "Slovakia"]
[Date "2009.12.12"]
[Round "5.6"]
[White "Juranko, Jan"]
[Black "Milder, Ladislav"]
[Result "1-0"]
[WhiteElo "2075"]
[BlackElo "2041"]
[PlyCount "98"]
[EventDate "2009.10.10"]
[EventType "team"]
[EventRounds "11"]
[EventCountry "SVK"]
[SourceTitle "EXT 2011"]
[Source "ChessBase"]
[SourceDate "2010.11.26"]
[SourceVersion "1"]
[SourceVersionDate "2010.11.26"]
[SourceQuality "1"]
[WhiteTeam "Humenne"]
[BlackTeam "Kosice Slavia III"]
[WhiteTeamCountry "SVK"]
[BlackTeamCountry "SVK"]

1. d4 Nf6 2. Nf3 d5 3. g3 g6 4. Bg2 Bg7 5. 0-0 0-0 6. Nbd2 Nc6 7. c4 e6 8. b3 Ne4 9. Bb2 Nd6 10. e3 Ne7 11. Qc2 c6 12. a4 Bd7 13. Rfb1 Rc8 14. c5 Ne8 15. b4 f6 16. Bc3 Qc7 17. Qb2 a6 18. Bf1 Ra8 19. b5 axb5 20. axb5 Rxa1 21. Qxa1 cxb5 22. Bxb5 Nc6 23. Qb2 Rf7 24. Bf1 Bc8 25. Bg2 h6 26. Qc2 f5 27. Ne1 Nf6 28. Nd3 Ne4 29. Nf3 Nxc3 30. Qxc3 Re7 31. h4 Kh7 32. Nf4 Bd7 33. Rb6 Be8 34. Bf1 Qc8 35. Bb5 Qa8 36. Qb2 Qc8 37. Qa3 Qd8 38. Bxc6 Bxc6 39. Qa7 Qe8 40. Nd3 Qd8 41. Nde5 Bxe5 42. Nxe5 Rc7 43. Qa5 Kg7 44. Rb2 Kf6 45. Kg2 Be8 46. Qb6 g5 47. hxg5+ hxg5 48. Rb1 Rh7 49. Qd6 Bd7 1-0

[Event "SVK-chT2D 0910"]
[Site "Slovakia"]
[Date "2009.11.07"]
[Round "3.6"]
[White "Juranko, Jan"]
[Black "Sremanak, Slavomir"]
[Result "0-1"]
[WhiteElo "2075"]
[BlackElo "2149"]
[PlyCount "60"]
[EventDate "2009.10.10"]
[EventType "team"]
[EventRounds "11"]
[EventCountry "SVK"]
[SourceTitle "EXT 2011"]
[Source "ChessBase"]
[SourceDate "2010.11.26"]
[SourceVersion "1"]
[SourceVersionDate "2010.11.26"]
[SourceQuality "1"]
[WhiteTeam "Humenne"]
[BlackTeam "Margecany"]
[WhiteTeamCountry "SVK"]
[BlackTeamCountry "SVK"]

1. d4 c5 2. e3 e6 3. Nf3 Nf6 4. Bd3 Qc7 5. 0-0 b6 6. Nbd2 Bb7 7. c3 Nc6 8. Qe2 Be7 9. dxc5 bxc5 10. e4 0-0 11. Re1 d5 12. e5 Nd7 13. Nf1 Rae8 14. Bf4 Qb6 15. Qc2 h6 16. Qd2 f5 17. exf6 Rxf6 18. Rad1 Ref8 19. Bg3 e5 20. Bb1 Na5 21. Ne3 d4 22. Ng4 Rxf3 23. gxf3 Bxf3 24. Nxe5 Nxe5 25. Rxe5 Nc4 26. Qc2 Nxe5 27. Bxe5 Bxd1 28. Qxd1 Qxb2 29. f4 Qxc3 30. Be4 Qe3+ 0-1

[Event "SVK-chT2D 0607"]
[Site "Slovakia"]
[Date "2007.02.03"]
[Round "8.5"]
[White "Juranko, Jan"]
[Black "Durica, Daniel"]
[Result "0-1"]
[WhiteElo "2115"]
[BlackElo "2093"]
[PlyCount "102"]
[EventDate "2006.10.14"]
[EventType "team-tourn"]
[EventRounds "11"]
[EventCountry "SVK"]
[SourceTitle "EXT 2008"]
[Source "ChessBase"]
[SourceDate "2007.11.25"]
[SourceVersion "1"]
[SourceVersionDate "2007.11.25"]
[SourceQuality "1"]
[WhiteTeam "Humenne Reinter"]
[BlackTeam "Presov PSK"]
[WhiteTeamCountry "SVK"]
[BlackTeamCountry "SVK"]

1. Nf3 g6 2. g3 Bg7 3. Bg2 d6 4. c4 c6 5. 0-0 Nf6 6. Nc3 0-0 7. d4 Qa5 8. e4 Qh5 9. Qd3 Bh3 10. Bxh3 Qxh3 11. Ng5 Qh5 12. Qf3 h6 13. Qxh5 Nxh5 14. Nf3 Nd7 15. Be3 Kh7 16. Kg2 f5 17. exf5 gxf5 18. Rad1 Rae8 19. Ne1 f4 20. Bc1 Nb6 21. b3 c5 22. Nb5 Rc8 23. d5 Nd7 24. f3 fxg3 25. hxg3 a6 26. Na3 Rg8 27. g4 Be5 28. Nd3 Rcf8 29. Nc2 Nf4+ 30. Bxf4 Bxf4 31. Nxf4 Rxf4 32. Ne3 Ne5 33. Kg3 Rf6 34. Nf5 Rxf5 35. Rde1 h5 36. Re4 Rxg4+ 37. Rxg4 hxg4 38. Rh1+ Kg6 39. f4 Nd3 40. Rf1 Rxf4 41. Rxf4 Nxf4 42. Kxf4 Kh5 43. Kg3 Kg5 44. a4 a5 45. Kg2 Kf4 46. Kf2 g3+ 47. Kg2 Kg4 48. Kg1 Kf3 49. Kf1 g2+ 50. Kg1 Kg3 51. b4 b5 0-1

[Event "SVK-chT3D 0001"]
[Site "Slovakia"]
[Date "2001.??.??"]
[Round "2"]
[White "Juranko, Jan"]
[Black "Pacholsky, Martin"]
[Result "1-0"]
[WhiteElo "2194"]
[BlackElo "2131"]
[PlyCount "131"]
[EventDate "2000.??.??"]
[EventType "team"]
[EventRounds "9"]
[EventCountry "SVK"]
[SourceTitle "EXT 2002"]
[Source "ChessBase"]
[SourceDate "2001.11.25"]
[SourceVersion "1"]
[SourceVersionDate "2001.11.25"]
[SourceQuality "1"]

1. d4 e6 2. Nf3 f5 3. g3 Nf6 4. Bg2 d5 5. 0-0 Bd6 6. c4 c6 7. Nbd2 Nbd7 8. b3 Ne4 9. Bb2 0-0 10. Qc2 Nxd2 11. Nxd2 Nf6 12. Nf3 Bd7 13. Ne5 Rc8 14. Rac1 Qe7 15. Nxd7 Qxd7 16. c5 Be7 17. b4 Ne8 18. f4 a6 19. a4 Nc7 20. Bc3 Bf6 21. e3 Ra8 22. Rf2 Rfb8 23. Be1 Bd8 24. Bf1 Rc8 25. Qb3 Rab8 26. Rb2 g6 27. Rcb1 b5 28. cxb6 Rxb6 29. Rc1 Be7 30. Qc2 Ne8 31. a5 Rb5 32. Bxb5 axb5 33. a6 Nd6 34. Ra2 Nc4 35. a7 Ra8 36. Rca1 Bd8 37. Kf2 Qb7 38. Ra6 Qd7 39. h3 Qb7 40. Kf3 Qd7 41. g4 Qb7 42. Bf2 Be7 43. Qc3 Bd8 44. Qe1 Bb6 45. Qe2 Qe7 46. Be1 Qb7 47. g5 Bd8 48. h4 Nb6 49. Qc2 Nc4 50. Qa2 Bb6 51. Qh2 Qg7 52. Bc3 Kf8 53. h5 Kf7 54. hxg6+ hxg6 55. Rh1 Rxa7 56. Rxa7+ Bxa7 57. Qa2 Bb8 58. Qa8 Bd6 59. Qxc6 Be7 60. Qxb5 Nd6 61. Qb8 Ne4 62. Rh8 Bf8 63. Qc7+ Be7 64. Qc8 Bf8 65. Qd7+ Be7 66. Qe8# 1-0